Elenca la formazione - Finale Coppa UEFA 2005-2006 - Statistics

Statistiche generali
  • Questo quiz è stato fatto 14 volte
  • Il punteggio medio è 6 su 22
Statistiche sulle risposte
Ruolo Nazione Calciatore % Corretto
DIF Brasile Daniel Alves
60%
CEN Italia Enzo Maresca
60%
ATT Brasile Luís Fabiano
50%
CEN Brasile Adriano
40%
POR Australia Mark Schwarzer
40%
POR Spagna Andrés Palop
30%
ATT Argentina Javier Saviola
30%
ATT Paesi Bassi Jimmy Floyd Hasselbaink
30%
ATT Australia Mark Viduka
30%
DIF Inghilterra Gareth Southgate
20%
CEN Paesi Bassi George Boateng
20%
DIF Spagna Javi Navarro
20%
CEN Spagna Jesús Navas
20%
DIF Francia Julien Escudé
20%
DIF Inghilterra Chris Riggott
10%
DIF Spagna David Castedo
10%
CEN Brasile Fábio Rochemback
10%
DIF Francia Franck Queudrue
10%
CEN Scozia James Morrison
10%
CEN Spagna José Luis Martí
10%
CEN Inghilterra Stewart Downing
10%
DIF Inghilterra Stuart Parnaby
10%
Nessun quiz corrispondente trovato
Distribuzione punteggi
Percentuale di utenti per punteggio
Percentile per numero di risposta
I tuoi punteggi nel tempo
Non hai fatto questo quiz